| Personálne heslo: | |
|---|---|
| Format: | Regionálne osobnosti |
| Online Access: | http://www.esoterikweb.cz/clanky-nahled.php?id=2265 |
| Bližší popis: |
Narodený 20.4.1907, [zomrel po r. 1998]. Lekár, vynálezca |
| Poznámka: |
MUDr. |
| Source: |
1. /jhr/ 1. Ocenenie plodného života MUDr. Gabriela Hoffmanna 1. In Východoslovenské noviny. - Roč. 16, č. 96 (21.4.1967), s. 1 2. Hrubovčák, Jozef 2. Tu sa cíti najlepšie 2. Fotogr. 1. - In Východoslovenské noviny. - Roč. 16, č. 115 (13.5.1967), s. 4 3. Hulman, Karol 3. Neslávne jubileum alebo Nestačí len patent udeliť 3. In Pravda. - Roč. 44, č. 157A+ (10.6.1963), s. 3 4. Sladká, Valéria 4. Zdravotníctvo bez neznámeho územia 4. In Rozhlasový archív. - Č. 212 (1966), s. 1 5. Dr. Gabrielovi Hoffmannovi v Snine .... 5. In Rozhlasový archív. - Č. 151 (1967), s. 1 6. MUDr. Gabriel Hoffmann ... 6. In Zdravotnícke noviny. - Roč. 16, č. 18 (1967), s. 2 |
| LEADER | 01454nz a2200421n 4500 | ||
|---|---|---|---|
| 001 | 000057721 | ||
| 003 | SVKKK | ||
| 005 | 20110809141109.0 | ||
| 008 | 060215|n|annnnaabn | a|c | ||
| FMT | |||
| 040 | |a SVKKK |b slo |e AACR2 | ||
| 080 | |a 608 | ||
| 080 | |a 614 | ||
| 100 | 1 | |a Hoffmann, Gabriel, |d 1907- | |
| 400 | 1 | |a Hoffman, Gabriel, |d 1907- | |
| 678 | 0 | |a Narodený 20.4.1907, [zomrel po r. 1998]. Lekár, vynálezca | |
| 680 | |a MUDr. | ||
| 909 | |a SK | ||
| 971 | |||
| 972 | |||
| 973 | |||
| 981 | |||
| 981 | |||
| 981 | |||
| 993 | |||
| 993 | |||
| 994 | |||
| 994 | |||
| 994 | |||
| 995 | |a /jhr/ |c Ocenenie plodného života MUDr. Gabriela Hoffmanna |d In Východoslovenské noviny. - Roč. 16, č. 96 (21.4.1967), s. 1 | ||
| 995 | |a Hrubovčák, Jozef |c Tu sa cíti najlepšie |d Fotogr. 1. - In Východoslovenské noviny. - Roč. 16, č. 115 (13.5.1967), s. 4 | ||
| 995 | |a Hulman, Karol |c Neslávne jubileum alebo Nestačí len patent udeliť |d In Pravda. - Roč. 44, č. 157A+ (10.6.1963), s. 3 | ||
| 995 | |a Sladká, Valéria |c Zdravotníctvo bez neznámeho územia |d In Rozhlasový archív. - Č. 212 (1966), s. 1 | ||
| 995 | |c Dr. Gabrielovi Hoffmannovi v Snine .... |d In Rozhlasový archív. - Č. 151 (1967), s. 1 | ||
| 995 | |c MUDr. Gabriel Hoffmann ... |d In Zdravotnícke noviny. - Roč. 16, č. 18 (1967), s. 2 | ||
| BAS | |||
| 856 | 4 | |u http://www.esoterikweb.cz/clanky-nahled.php?id=2265 | |
| 998 | |a REOS | ||